| 000 -LEADER |
| fixed length control field |
01499cam a2200349 i 4500 |
| 001 - CONTROL NUMBER |
| control field |
18285162 |
| 005 - DATE AND TIME OF LATEST TRANSACTION |
| control field |
20250526121202.0 |
| 008 - FIXED-LENGTH DATA ELEMENTS--GENERAL INFORMATION |
| fixed length control field |
140829s2014 ne b 001 0 eng |
| 010 ## - LIBRARY OF CONGRESS CONTROL NUMBER |
| LC control number |
2014427353 |
| 020 ## - INTERNATIONAL STANDARD BOOK NUMBER |
| International Standard Book Number |
9789041152657 (hbk.) |
| 040 ## - CATALOGING SOURCE |
| Original cataloging agency |
DLC |
| Language of cataloging |
eng |
| Description conventions |
rda |
| Transcribing agency |
DLC |
| 042 ## - AUTHENTICATION CODE |
| Authentication code |
pcc |
| 050 00 - LIBRARY OF CONGRESS CALL NUMBER |
| Classification number |
K3830 |
| Item number |
.B57 2014 |
| 082 ## - DEWEY DECIMAL CLASSIFICATION NUMBER |
| Classification number |
346.51092 |
| Author Mark |
FOR |
| 100 1# - MAIN ENTRY--PERSONAL NAME |
| Personal name |
Bishop, R. Doak, |
| Relator term |
author. |
| 9 (RLIN) |
129058 |
| 245 10 - TITLE STATEMENT |
| Title |
Foreign investment disputes : |
| Remainder of title |
cases, materials, and commentary / |
| Statement of responsibility, etc. |
R. Doak Bishop, King & Spalding, Houston, Texas; James Crawford, Lauterpacht Research Centre for International Law, University of Cambridge ; W. Michael Reisman, Yale Law School, New Haven. |
| 250 ## - EDITION STATEMENT |
| Edition statement |
Second edition. |
| 264 #1 - PRODUCTION, PUBLICATION, DISTRIBUTION, MANUFACTURE, AND COPYRIGHT NOTICE |
| Place of production, publication, distribution, manufacture |
Alphen aan den Rijn, The Netherlands : |
| Name of producer, publisher, distributor, manufacturer |
Kluwer Law International, |
| Date of production, publication, distribution, manufacture, or copyright notice |
[2014] |
| 300 ## - PHYSICAL DESCRIPTION |
| Extent |
lvii, 1290 pages ; |
| Dimensions |
25 cm |
| 336 ## - CONTENT TYPE |
| Content type term |
text |
| Content type code |
txt |
| Source |
rdacontent |
| 337 ## - MEDIA TYPE |
| Media type term |
unmediated |
| Media type code |
n |
| Source |
rdamedia |
| 338 ## - CARRIER TYPE |
| Carrier type term |
volume |
| Carrier type code |
nc |
| Source |
rdacarrier |
| 504 ## - BIBLIOGRAPHY, ETC. NOTE |
| Bibliography, etc. note |
Includes bibliographical references and index. |
| 650 #0 - SUBJECT ADDED ENTRY--TOPICAL TERM |
| Topical term or geographic name entry element |
Investments, Foreign (International law) |
| 9 (RLIN) |
129059 |
| 650 #0 - SUBJECT ADDED ENTRY--TOPICAL TERM |
| Topical term or geographic name entry element |
Investments, Foreign |
| General subdivision |
Law and legislation. |
| 9 (RLIN) |
128583 |
| 650 #0 - SUBJECT ADDED ENTRY--TOPICAL TERM |
| Topical term or geographic name entry element |
International commercial arbitration. |
| 9 (RLIN) |
114435 |
| 700 1# - ADDED ENTRY--PERSONAL NAME |
| Personal name |
Crawford, James, |
| Dates associated with a name |
1948- |
| Relator term |
author. |
| 9 (RLIN) |
35612 |
| 700 1# - ADDED ENTRY--PERSONAL NAME |
| Personal name |
Reisman, W. Michael |
| Fuller form of name |
(William Michael), |
| Dates associated with a name |
1939- |
| Relator term |
author. |
| 9 (RLIN) |
129060 |
| 906 ## - LOCAL DATA ELEMENT F, LDF (RLIN) |
| a |
7 |
| b |
cbc |
| c |
origcop |
| d |
2 |
| e |
ncip |
| f |
20 |
| g |
y-gencatlg |
| 942 ## - ADDED ENTRY ELEMENTS (KOHA) |
| Source of classification or shelving scheme |
|
| Koha item type |
Book |